(De)formaciones, violencia y narrativa en Centroamérica /
Guardado en:
| Autores principales: | , |
|---|---|
| 格式: | 圖書 |
| 語言: | Spanish |
| 出版: |
Madrid:
Iberoamericana,
2008
|
| 主題: | |
| 在線閱讀: | http://journals.iai.spk-berlin.de/index.php/iberoamericana/article/viewFile/792/475 |
| 標簽: |
添加標簽
沒有標簽, 成為第一個標記此記錄!
|
MARC
| LEADER | 00000nam a22000007a 4500 | ||
|---|---|---|---|
| 008 | 141007s2008 es ||||| |||| 00| b spa d | ||
| 022 | |a 1577-3388 | ||
| 100 | 1 | |a Mackenback, Werner | |
| 100 | 1 | |a Ortiz Wallner, Alexandra | |
| 245 | 1 | 1 | |a (De)formaciones, violencia y narrativa en Centroamérica / |c Werner Mackenbach, Alexandra Ortiz Wallner |
| 246 | 1 | 0 | |5 Deformaciones, violencia y narrativa en Centroamérica |
| 260 | |a Madrid: |b Iberoamericana, |c 2008 | ||
| 300 | |a páginas 81-98 | ||
| 650 | 1 | 4 | |a VIOLENCIA EN LA LITERATURA |
| 650 | 1 | 4 | |a LITERATURA CENTROAMERICANA |x ANALISIS E INTERPRETACION |
| 773 | |g Volumen 3, Número 32 : 81-98 ; diciembre, 2008 |q 81-98 |t Iberoamericana. Nueva época: América Latina, España, Portugal | ||
| 856 | |u http://journals.iai.spk-berlin.de/index.php/iberoamericana/article/viewFile/792/475 | ||
| 942 | |2 ddc |c ARC | ||
| 999 | |c 3556 |d 3556 | ||
